| 000 | 00538nam a2200193 a 4500 | ||
|---|---|---|---|
| 005 | 20230523063624.0 | ||
| 008 | 991125s1978 es 000 0 spa u | ||
| 020 | _a8428103801 | ||
| 035 | _aUPN01000002772 | ||
| 049 | _aCG | ||
| 050 | 4 |
_aG73 _bD828 |
|
| 100 | 1 | _aDollfus, Oliver | |
| 245 | 1 | 3 |
_aEl análisis geográfico / _cOliver Dollfus ; tr. Damia de Bas. |
| 260 |
_aBarcelona, Esp. : _bOikos-Tau, _c1978. |
||
| 300 | _a135 p. | ||
| 440 | 1 |
_a¿Qué sé? ; _v118 |
|
| 650 | 4 |
_aGeografía _xEstudio y enseñanza _910181 |
|
| 905 | _aLibro | ||
| 999 |
_c2772 _d2772 |
||